| 000 | 00920nam a2200217Ii 4500 | ||
|---|---|---|---|
| 003 | JO-AjNU | ||
| 008 | 230605s9999||||xx |||||||||||||| ||und|| | ||
| 020 | _a978-9957-33-219-8 | ||
| 040 |
_aJO-AjNU _bara _erda _cJO-AjNU |
||
| 041 | _aara | ||
| 050 | 1 | 4 | _aHF5679.M847 2022 |
| 100 | 3 |
_aمحسن، صباح رحيمة، م.مشارك عبد الفتاح ابراعيم زريبة، م.مشارك فتحي احمد الشيباني, _eauthor _964061 |
|
| 245 | 0 | 0 | _aنظم المعلومات المالية: اسسها النظرية وبناء قواعد بياناتها |
| 250 | _aط1 | ||
| 264 | 3 | 1 | _aعمان: مؤسسة الوراق للنشر والتوزيع، 2022 |
| 300 | _a338ص | ||
| 336 |
_atext _btxt _2rdacontent |
||
| 337 |
_aunmediated _bn _2rdamedia |
||
| 338 |
_avolume _bnc _2rdacarrier |
||
| 650 | 4 |
_aادارة المعلومات-السياسة المالية-المالية العامة _964062 |
|
| 999 |
_aA29089 _c32657 _d32657 |
||